NURSING IN TODAYS WORLD CHALLENGES ISSUES AND TRENDS (Record no. 6980)
[ view plain ]
| 000 -LEADER | |
|---|---|
| fixed length control field | 00452nam a22001697a 4500 |
| 003 - CONTROL NUMBER IDENTIFIER | |
| control field | OSt |
| 005 - DATE AND TIME OF LATEST TRANSACTION | |
| control field | 20210925104342.0 |
| 008 - FIXED-LENGTH DATA ELEMENTS--GENERAL INFORMATION | |
| fixed length control field | 210925b |||||||| |||| 00| 0 eng d |
| 020 ## - INTERNATIONAL STANDARD BOOK NUMBER | |
| International Standard Book Number | 0-7817-2455-4 |
| 040 ## - CATALOGING SOURCE | |
| Original cataloging agency | DDC |
| Transcribing agency | HU |
| 082 ## - DEWEY DECIMAL CLASSIFICATION NUMBER | |
| Edition number | 7TH |
| Classification number | 610.73 |
| Item number | 4 |
| 100 ## - MAIN ENTRY--PERSONAL NAME | |
| Personal name | ELLIS JANICE RIDER |
| 9 (RLIN) | 7376 |
| 245 ## - TITLE STATEMENT | |
| Title | NURSING IN TODAYS WORLD CHALLENGES ISSUES AND TRENDS |
| 250 ## - EDITION STATEMENT | |
| Edition statement | 7TH |
| 260 ## - PUBLICATION, DISTRIBUTION, ETC. | |
| Place of publication, distribution, etc. | NEW YORK |
| Name of publisher, distributor, etc. | LIPPINCOTT PHILADERPHIA |
| Date of publication, distribution, etc. | 2001 |
| 942 ## - ADDED ENTRY ELEMENTS (KOHA) | |
| Source of classification or shelving scheme | Dewey Decimal Classification |
| Koha item type | Books like text book referance book |
| Suppress in OPAC | No |
| Withdrawn status | Lost status | Source of classification or shelving scheme | Damaged status | Not for loan | Home library | Current library | Date acquired | Total Checkouts | Full call number | Barcode | Date last seen | Copy number | Price effective from | Koha item type |
|---|---|---|---|---|---|---|---|---|---|---|---|---|---|---|
| Dewey Decimal Classification | College of Medicine and Health’s Sciences Library | College of Medicine and Health’s Sciences Library | 09/25/2021 | 610.73-E4-2001 | CMHSL00001655 | 09/25/2021 | 1 | 09/25/2021 | Books like text book referance book | |||||
| Dewey Decimal Classification | College of Medicine and Health’s Sciences Library | College of Medicine and Health’s Sciences Library | 09/25/2021 | 610.73-E4-2001 | CMHSL00001656 | 09/25/2021 | 2 | 09/25/2021 | Books like text book referance book | |||||
| Dewey Decimal Classification | College of Medicine and Health’s Sciences Library | College of Medicine and Health’s Sciences Library | 09/25/2021 | 610.73-E4-2001 | CMHSL00001657 | 09/25/2021 | 3 | 09/25/2021 | Books like text book referance book | |||||
| Dewey Decimal Classification | College of Medicine and Health’s Sciences Library | College of Medicine and Health’s Sciences Library | 09/25/2021 | 610.73-E4-2001 | CMHSL00001658 | 09/25/2021 | 4 | 09/25/2021 | Books like text book referance book |